| 000 | 00810nas a2200253 4500 | ||
|---|---|---|---|
| 001 | BR8200337 | ||
| 003 | BR-BrBNA | ||
| 005 | 20231205084954.0 | ||
| 007 | ta | ||
| 008 | 230509b bl.|||p| |||| 00| 00por d | ||
| 040 |
_aBR-BrBNA _bpor _cBiblioteca Nacional de Agricultura |
||
| 041 | _a(Pt) | ||
| 072 | _aF70 | ||
| 100 | 1 | _aAustin, D.F. | |
| 245 | 1 | _aNovidades nas convolvulaceae da flora Amazonica [Planta ornamental; Brasil] | |
| 246 | 1 | _a[News in the convolvulaceae from the Amazonian flora [Ornamental plant; Brazil]] | |
| 650 | _aTaxonomia vegetal | ||
| 650 | _aPlanta ornamental | ||
| 650 | _aFlora | ||
| 650 | _aAmazonia | ||
| 773 | 0 |
_tActa Amazonica (Brazil) _xISSN 0044-5967 _g(Jun 1981), v. 11(2) p. 291-295 _wBR8200337 |
|
| 909 |
_a202311 _bLúcia _c55 _dLúcia Elande |
||
| 942 |
_2AGRIS _n0 _cANA |
||
| 999 |
_c108457 _d108457 |
||